Cargando...

Naazhika kallukal /

Detalles Bibliográficos
Autor Principal: Namboothiri, A. P. P.
Formato: Printed Book
Idioma:Malayalam
Publicado: Vidhyarthimithram , 1974.
LEADER 00416nam a2200133Ia 4500
008 150624b xxu||||| |||| 00| | mal d
100 |a Namboothiri, A. P. P. 
245 |c A. P. P. Namboothiri  |a Naazhika kallukal / 
260 |b Vidhyarthimithram ,  |c 1974. 
300 |a 166 p. 
546 |a In Malayalam. 
942 |c BK 
999 |c 73678  |d 73678 
952 |0 1  |1 0  |4 0  |7 0  |9 73624  |a UL  |b UL  |c ST1  |d 1998-09-15  |l 0  |p 15509  |r 2012-10-27  |w 2012-10-27  |y BK